| 000 | 01079pam a2200313 a 4500 | ||
|---|---|---|---|
| 001 | 14436 | ||
| 003 | BD-RjUL | ||
| 005 | 20211208235628.0 | ||
| 008 | 140206r20051995ii 001 0 eng d | ||
| 020 | _a0070472580 | ||
| 035 | _a(BD-RjUL)14488 | ||
| 040 |
_aDLC _cDLC _dDLC _dBD-RjUL _beng |
||
| 041 | _aeng | ||
| 082 | 0 | 0 |
_a621.395 _220 _bLED 2005 |
| 100 | 1 |
_aLeach, Donald P. _920101 |
|
| 245 | 1 | 0 |
_aDigital principles and applications / _cDonald P. Leach, Albert Paul Malvino. |
| 250 | _a5th ed. | ||
| 260 |
_aNew York, N.Y. : _bGlencoe, _cc1995. [Reprintrd 2005] |
||
| 300 |
_aX, 638 p. ; _c24 cm. |
||
| 500 | _aAuthor's names reversed on previous ed. | ||
| 500 | _aIncludes index. | ||
| 650 | 0 |
_aDigital electronics. _919985 |
|
| 650 | 0 |
_aElectronic digital computers _xCircuits. _920100 |
|
| 700 | 1 |
_aMalvino, Albert Paul. _920099 |
|
| 856 | 4 | 2 |
_3Publisher description _uhttp://www.loc.gov/catdir/description/mh031/93029589.html |
| 856 | 4 | 1 |
_3Table of contents _uhttp://www.loc.gov/catdir/toc/mh031/93029589.html |
| 942 |
_2ddc _cBK |
||
| 999 |
_c14436 _d14436 |
||